| 000 | 00591nam a2200217Ia 4500 | ||
|---|---|---|---|
| 003 | OSt | ||
| 005 | 20241101052712.0 | ||
| 008 | 240925s9999 xx 000 0 und d | ||
| 020 | _a97893325549805 | ||
| 040 | _cAACR2 | ||
| 082 | _a005.44 TAN | ||
| 100 | _aTanenbaum, Andrew S. | ||
| 245 | 0 | _aDistributed Systems Principles and Paradigms | |
| 250 | _a2nd | ||
| 260 |
_aNew Delhi: _bPearson Education _c,2015. |
||
| 300 |
_a427p. _bNA _fOriginal |
||
| 500 | _aIncludes Index | ||
| 600 | _aComputer Science | ||
| 650 | _aComputer science, information & general works | ||
| 942 |
_cBK _2ddc |
||
| 999 |
_c13131 _d13131 |
||